=LDR 00000nam 2200000 4500 =001 NUTBA000000000005606 =005 20141104122241.0 =006 =007 =008 =020 ##$$a 979-763-613-5 =035 ##$$0010-111400000000085 =040 ##$$a NBPDMAT =082 ##$$a 631.47 =090 ##$$a 631.47$bray m =100 ##$$a Rayes, M. Luthfi =245 ##$$a Metode inventarisasi sumber daya lahan$cM. luthfi Rayes =260 ##$$a Yogyakarta$bAndi$c2009 =300 ##$$a iv,298 hlm.$ilus.$c23 cm. =650 ##$$a Lahan =850 ##$$a NBPNMAT =990 ##$$a 20902650 =990 ##$$a 0001/BPAP-NTB/20142014 =990 ##$$a 0001/BPAP-NTB/20142015 =990 ##$$a 0001/BPAP-NTB/20142015